<?xml version="1.0" encoding="UTF-8"?><?xml-stylesheet type="text/xsl" href="static/style.xsl"?><OAI-PMH xmlns="http://www.openarchives.org/OAI/2.0/" xmlns:xsi="http://www.w3.org/2001/XMLSchema-instance" xsi:schemaLocation="http://www.openarchives.org/OAI/2.0/ http://www.openarchives.org/OAI/2.0/OAI-PMH.xsd"><responseDate>2026-04-29T07:25:37Z</responseDate><request verb="GetRecord" identifier="oai:repisalud.isciii.es:20.500.12105/19514" metadataPrefix="marc">https://repisalud.isciii.es/rest/oai/request</request><GetRecord><record><header><identifier>oai:repisalud.isciii.es:20.500.12105/19514</identifier><datestamp>2025-04-01T12:10:35Z</datestamp><setSpec>com_20.500.12105_2052</setSpec><setSpec>com_20.500.12105_2051</setSpec><setSpec>com_20.500.12105_15322</setSpec><setSpec>col_20.500.12105_19609</setSpec><setSpec>col_20.500.12105_16978</setSpec></header><metadata><record xmlns="http://www.loc.gov/MARC21/slim" xmlns:dcterms="http://purl.org/dc/terms/" xmlns:doc="http://www.lyncode.com/xoai" xmlns:xsi="http://www.w3.org/2001/XMLSchema-instance" xsi:schemaLocation="http://www.loc.gov/MARC21/slim http://www.loc.gov/standards/marcxml/schema/MARC21slim.xsd">
   <leader>00925njm 22002777a 4500</leader>
   <datafield ind2=" " ind1=" " tag="042">
      <subfield code="a">dc</subfield>
   </datafield>
   <datafield ind2=" " ind1=" " tag="720">
      <subfield code="a">Álvaro-Meca, Alejandro</subfield>
      <subfield code="e">author</subfield>
   </datafield>
   <datafield ind2=" " ind1=" " tag="720">
      <subfield code="a">Ryan, Pablo</subfield>
      <subfield code="e">author</subfield>
   </datafield>
   <datafield ind2=" " ind1=" " tag="720">
      <subfield code="a">Martínez-Larrull, Esther</subfield>
      <subfield code="e">author</subfield>
   </datafield>
   <datafield ind2=" " ind1=" " tag="720">
      <subfield code="a">Micheloud, Dariela</subfield>
      <subfield code="e">author</subfield>
   </datafield>
   <datafield ind2=" " ind1=" " tag="720">
      <subfield code="a">Berenguer, Juan</subfield>
      <subfield code="e">author</subfield>
   </datafield>
   <datafield ind2=" " ind1=" " tag="720">
      <subfield code="a">Resino, Salvador</subfield>
      <subfield code="e">author</subfield>
   </datafield>
   <datafield ind2=" " ind1=" " tag="260">
      <subfield code="c">2018-02</subfield>
   </datafield>
   <datafield ind2=" " ind1=" " tag="520">
      <subfield code="a">Background: Chronic infections may be a triggering factor as well as a risk factor of deep venous thrombosis (DVT). The purpose of this study was to analyze the epidemiological trends of hospital admissions related to DVT in human immunodeficiency virus (HIV)-infected patients during the combination antiretroviral therapy (cART) era, in relation to hepatitis C virus (HCV) serological status. Methods: We performed a retrospective study using the Spanish Minimum Basic Data Set. We selected HIV-infected subjects over 15years old with a hospital admission and DVT diagnosis (ICD-9-CM codes: 453.4x and 453.8x) between 1997 and 2013. Patients were classified according to HCV serology. We estimated the incidence (events per 100,000 patient-years) in four calendar periods (1997-1999, 2000-2003, 2004-2007, and 2008-2013). Results: Overall, the incidence of DVT-related hospitalizations had a significant upward trend in all HIV-infected patients (P&lt;0.001), with significant differences between 1997-1999 and 2008-2013 [49.5 vs. 88.1 (P&lt;0.001)]. Moreover, the incidence was higher in HIV-monoinfected patients than in HIV/HCV-coinfected patients during the entire follow-up (P&lt;0.001). However, the incidence had a significant downward trend in HIV-monoinfected patients (P=0.002) and a significant upward trend in HIV/HCV-coinfected patients (P&lt;0.001). Specifically, the incidence of DVT-related hospitalizations in HIV-monoinfected patients significantly decreased from 1997-1999 to 2008-2013 [142.7 vs. 103.1 (P=0.006)], whereas in HIV/HCV-coinfected patients, the incidence increased from 8.4 (1997-1999) to 70.7 (2008-2013) (P&lt;0.001). Conclusions: Our findings suggest that DVT is an emerging health problem among HIV-infected patients, with increasing incidence during the first 17years after the introduction of cART, particularly in HIV/HCV-coinfected patients.</subfield>
   </datafield>
   <datafield ind1="8" ind2=" " tag="024">
      <subfield code="a">Eur J Intern Med. 2018 Feb:48:69-74.</subfield>
   </datafield>
   <datafield ind1="8" ind2=" " tag="024">
      <subfield code="a">http://hdl.handle.net/20.500.12105/19514</subfield>
   </datafield>
   <datafield ind1="8" ind2=" " tag="024">
      <subfield code="a">29102088</subfield>
   </datafield>
   <datafield ind1="8" ind2=" " tag="024">
      <subfield code="a">10.1016/j.ejim.2017.10.012</subfield>
   </datafield>
   <datafield ind1="8" ind2=" " tag="024">
      <subfield code="a">1879-0828</subfield>
   </datafield>
   <datafield ind1="8" ind2=" " tag="024">
      <subfield code="a">European journal of internal medicine</subfield>
   </datafield>
   <datafield tag="653" ind2=" " ind1=" ">
      <subfield code="a">AIDS</subfield>
   </datafield>
   <datafield tag="653" ind2=" " ind1=" ">
      <subfield code="a">Hepatitis C</subfield>
   </datafield>
   <datafield tag="653" ind2=" " ind1=" ">
      <subfield code="a">Deep venous thrombosis</subfield>
   </datafield>
   <datafield tag="653" ind2=" " ind1=" ">
      <subfield code="a">Cardiovascular disease</subfield>
   </datafield>
   <datafield tag="653" ind2=" " ind1=" ">
      <subfield code="a">Incidence</subfield>
   </datafield>
   <datafield tag="653" ind2=" " ind1=" ">
      <subfield code="a">ICD9CM codes</subfield>
   </datafield>
   <datafield ind2="0" ind1="0" tag="245">
      <subfield code="a">Epidemiological trends of deep venous thrombosis in HIV-infected subjects (1997-2013): A nationwide population-based study in Spain</subfield>
   </datafield>
</record></metadata></record></GetRecord></OAI-PMH>